000 00260nam a2200097Ia 4500
008 220216s9999 xx 000 0 und d
245 0 _aReport of committee on legislation: Plantation sector
260 _bPlanters Chronicle
_c2007
300 _a31-38
942 _cJS
999 _c66751
_d66751